Quiz sur le 16e arrondissement de Paris - Statistiques

Statistiques générales
  • Ce quiz a été pris 38 fois
  • Le résultat moyen est 12 sur 20
Statistiques - réponses
Question Réponse % Correct
Quel stade de football est actuellement en discussions de vente entre la Ville de Paris et le Paris Saint-Germain ? Le Parc des Princes
94%
Le 16e arrondissement compte un très grand nombre (90 !) de ce type d'établissement diplomatique Ambassade
89%
Avec le bois de Boulogne, le 16e arrondissement est le plus ... de Paris grand
89%
Quel aviateur réunionais donne son nom à un stade ainsi qu'à un tournoi du Grand Chelem de Tennis ? Roland Garros
86%
Quelle grande capitale asiatique donne son nom au palais abritant un centre d'art contemporain ? Tokyo
86%
Nom de l'arrondissement Passy
74%
Quelle police secrète siégeait aux 82-86 avenue Foch, surnommée avenue "Boche" pendant cette période ? La Gestapo
66%
Quartiers administratifs Auteuil
63%
Au pied de quel monument offert par les États-Unis à la France a-t-on rendu plusieurs fois hommage à Diana Spencer, décédée non loin dans un accident de voiture ? La Flamme de la {Liberté}
63%
Quelle organisation politico-militaire internationale siégeait à l'actuelle université Paris-Dauphine jusqu'en 1967 ? L'Organisation du traité de l'Atlantique nord (OTAN)
63%
Sur quelle place est situé le palais de Chaillot ? Place du Trocadéro-et-du-11-Novembre
63%
Quel espace vert voisin de la fondation Louis Vuitton abrite un par zoologique et des montagnes russes ? Le Jardin d'acclimatation
60%
Quartiers administratifs Chaillot
46%
Quel compositeur français, connu pour Clair de Lune, est enterré au cimetière de Passy ? Claude Debussy
43%
Quel bâtiment circulaire est l'actuel siège de Radio France ? La Maison de la Radio et de la Musique
40%
Quel parc triangulaire aménagé par Adolphe Alphand est réputé pour son théâtre de marionnettes ? Le jardin du R{anelagh}
40%
Quel dirigeant américain est représenté sur la statue équestre de la place d'Iéna ? George Washington
37%
Quartiers administratifs Porte-Dauphine
34%
Quartiers administratifs Muette
29%
Quel musée, portant le nom d'un historien d'art, abrite la plus importante collection d'oeuvres de Claude Monet ? Le musée Marmottan
20%
Aucun quiz correspondant
Distribution des résultats
% des personnes avec chaque résultat
Percentile par nombre de réponses
Votre historique - résultats
Vous n’avez pas pris ce quiz